W JAKICH DYSCYPLINACH SPORTOWYCH MOŻEMY ZOBACZYĆ WIĘCEJ NIŻ PIĘCIU ZAW - Statystyki

Ogólne statystyki
  • Ten quiz został rozwiązany 198 razy
  • Średni wynik to 4 z 5
Statystyki odpowiedzi
Liczba Odpowiedzi % Poprawnych
1. PIŁKA NOŻNA
100%
2. SIATKÓWKA
98%
3. PIŁKA RĘCZNA
88%
5. HOKEJ
68%
4. RUGBY
61%
Nie znaleziono quizów pasujących do podanych kryteriów
Rozkład punktacji
Procent ludzi z każdym wynikiem
Percentyl według liczby udzielonych odpowiedzi
Twoja historia wyników
Nie rozwiązałeś tego quizu